Catálogo

PLANEAMIENTO DIDACTICO (Registro nro. 29519)

Detalles MARC
000 -LEADER
fixed length control field 00356nam a2200145 a 4500
001 - CONTROL NUMBER
control field 29519
005 - DATE AND TIME OF LATEST TRANSACTION
control field 20180713232600.0
008 - FIXED-LENGTH DATA ELEMENTS--GENERAL INFORMATION
fixed length control field 140415s1980 mx 000 0 spa d
041 ## - LANGUAGE CODE
Language code of text/sound track or separate title spa
082 ## - DEWEY DECIMAL CLASSIFICATION NUMBER
Classification number 371.207
Item number KEM
245 00 - TITLE STATEMENT
Title PLANEAMIENTO DIDACTICO
250 ## - EDITION STATEMENT
Edition statement 1RA
260 ## - PUBLICATION, DISTRIBUTION, ETC.
Place of publication, distribution, etc. MEXICO :
Name of publisher, distributor, etc. DIANA,
Date of publication, distribution, etc. 1980
300 ## - PHYSICAL DESCRIPTION
Extent 175
Dimensions 15 x 1 x 22
Existencias
Withdrawn status Lost status Source of classification or shelving scheme Damaged status Not for loan Collection code Home library Current library Shelving location Date acquired Source of acquisition Total Checkouts Full call number Barcode Date last seen Price effective from Koha item type
    Dewey Decimal Classification   Consulta en sala General Tehuacán Tehuacán Sala general 03/12/2013 Compra   371.207 KEM 503603 08/01/2025 03/12/2013 Reserva permanente